[Event "ch-IND National Teams"]
[Site "Gurgaon IND"]
[Date "2010.02.23"]
[Round "4"]
[White "Shetty,R"]
[Black "Salil,K"]
[Result "1/2-1/2"]
[WhiteElo "2259"]
[BlackElo "1885"]

1.d4 g6 2.e4 Bg7 3.Nc3 c5 4.dxc5 Qa5 5.Bd2 Qxc5 6.Bd3 d6 7.Nf3 Nc6 8.Nd5 Bg4
9.b4 Bxf3 10.gxf3 Qd4 11.Rb1 Qe5 12.Bc3 Qxc3+ 13.Nxc3 Bxc3+ 14.Kf1 Nf6 15.b5 Ne5
16.f4 Ned7 17.Qf3 O-O 18.h4 Nh5 19.Rg1 Bg7 20.Be2 Rac8 21.c4 Nc5 22.Qe3 Nf6
23.e5 dxe5 24.fxe5 Nfd7 25.f4 Bh6 26.Rd1 f6 27.Bg4 f5 28.Bf3 Kh8 29.h5 gxh5
30.Rh1 Nb6 31.Rxh5 Nxc4 32.Qf2 Bg7 33.Bd5 Ne4 34.Qh4 Ne3+ 35.Kg1 Nxd5 36.Rxh7+ Kg8
37.Rxd5 Rc1+ 38.Kg2 Rc2+ 39.Kf3 Rc3+ 40.Ke2 Rg3 41.Rd3 Rg2+ 42.Kf1 Rg4 43.Qh2 Rc8
44.Rxg7+ Rxg7 45.Qb2 Rg4 46.Qb3+ Kf8 47.Qe6 Rc1+ 48.Ke2 Rg2+ 49.Ke3 Rg3+
50.Ke2 Rg2+ 51.Ke3 Rg3+ 52.Ke2  1/2-1/2

[Event "Frauenbundesliga 2009-10"]
[Site "Germany GER"]
[Date "2010.03.14"]
[Round "9"]
[White "Melamed,T"]
[Black "Tammert,I"]
[Result "1/2-1/2"]
[WhiteElo "2312"]
[BlackElo "2277"]

1.e4 g6 2.d4 Bg7 3.Nc3 c5 4.dxc5 Bxc3+ 5.bxc3 Qa5 6.Qd4 Nf6 7.Qb4 Qc7 8.Nf3 Na6
9.Bxa6 bxa6 10.e5 Nh5 11.Rb1 O-O 12.O-O a5 13.Qb5 f6 14.Bh6 Rf7 15.exf6 Rxf6
16.Qc4+ e6 17.Qe4 Rb8 18.Qe5 Rb7 19.Rxb7 Qxb7 20.Nd4 Rf7 21.Re1 Ng7 22.Bxg7 Rxg7
23.Qd6 Rf7 24.h3 Qb2 25.Qc7 Qxc3 26.Rd1 Rf8 27.c6 dxc6 28.Qxc6 Qxc6 29.Nxc6 Ba6
30.Nxa5 Rc8 31.Rd2 Bb5 32.Nb3 a6 33.f3 Rc3 34.Kf2 Kg7 35.Ke1 Kf6 36.Kd1 Bf1
37.Ke1 Bb5 38.Kd1 Bf1 39.Rf2 Bb5 40.Kc1 e5 41.Nd2 Ra3 42.Ne4+ Kf5 43.c3 Bd3
44.Kb2 Ra5 45.Nd6+ Kf4 46.Kb3 Rd5 47.Nf7 Rb5+ 48.Ka3 Ke3 49.Rb2 Ra5+ 50.Kb4 Rb5+
51.Ka3  1/2-1/2

[Event "26th Budapest Spring Festival"]
[Site "Budapest HUN"]
[Date "2010.03.25"]
[Round "6"]
[White "Korpa,B"]
[Black "Mester,A"]
[Result "0-1"]
[WhiteElo "2158"]
[BlackElo "2080"]

1.e4 g6 2.d4 Bg7 3.Nc3 Nc6 4.Be3 d5 5.exd5 Nb4 6.Bb5+ Bd7 7.Bc4 Bf5 8.Bb3 Nf6
9.Nf3 O-O 10.O-O Nbxd5 11.Nxd5 Nxd5 12.c4 Nxe3 13.fxe3 c6 14.Qe2 a5 15.Rad1 a4
16.Bc2 Bg4 17.Bd3 e6 18.Qc2 Bxf3 19.Rxf3 a3 20.b3 Qe7 21.Rf2 Rad8 22.Bf1 Qg5
23.Qe4 Rfe8 24.Qf3 Qe7 25.Rfd2 Rd7 26.g3 Red8 27.Bh3 Rd6 28.Qe4 Qg5 29.b4 h5
30.Rd3 f5 31.Qf4 Qe7 32.Qf2 e5 33.Qd2 exd4 34.exd4 Rxd4 35.Bf1 Qe4 36.h3 Rxd3
37.Bxd3 Qf3 38.Kh2 Be5 39.Qg5 Rxd3 40.Qxg6+ Kf8 41.Rxd3 Qxd3 42.Qh6+ Bg7
43.Qxh5 Qd2+ 44.Kh1 Qc1+ 45.Kh2 Qb2+ 46.Kh1 Qb1+ 47.Kh2 Qxa2+ 48.Kh1 Qb1+
49.Kh2 a2  0-1

[Event "4th G. Agzamov Mem"]
[Site "Tashkent UZB"]
[Date "2010.03.27"]
[Round "5"]
[White "Rysbaeva,N"]
[Black "Karimov,I"]
[Result "0-1"]
[WhiteElo "2065"]
[BlackElo "2340"]

1.e4 g6 2.d4 Bg7 3.Nc3 c5 4.Nf3 cxd4 5.Nxd4 Nc6 6.Nb3 Nf6 7.Be2 O-O 8.O-O d6
9.Bg5 a5 10.a4 Be6 11.f4 Rc8 12.Kh1 Nb4 13.Nd4 Bc4 14.Re1 Qb6 15.e5 dxe5
16.fxe5 Bxe2 17.Rxe2 Ng4 18.Bxe7 Rfe8 19.Bxb4 axb4 20.Ncb5 Rxe5 21.Qe1 Rce8
22.Rxe5 Rxe5 23.Qg3 Rxb5 24.Qxg4 Rd5 25.Nb5 Bxb2 26.Rb1 Qf2 27.Qxb4 Rg5 28.Qe4 Be5
29.Qf3 Qh4 30.h3 Qxa4 31.Na3 Rf5 32.Qe3 Bd6 33.g4 Re5 34.Qf3 Qxa3 35.Qxa3 Bxa3  0-1

[Event "II Genset Cup"]
[Site "Szombathely HUN"]
[Date "2010.03.28"]
[Round "3"]
[White "Rudolf,An"]
[Black "Stavrianakis,I"]
[Result "1-0"]
[WhiteElo "2293"]
[BlackElo "2243"]

1.e4 g6 2.d4 Bg7 3.Nc3 d5 4.exd5 Nf6 5.Bc4 Nbd7 6.Nf3 Nb6 7.Bb3 Nfxd5 8.Ne4 O-O
9.O-O c6 10.Re1 Qc7 11.c3 Bf5 12.Bg5 h6 13.Bh4 Rae8 14.Nc5 Qc8 15.Qd2 Kh7
16.a4 Nf6 17.a5 Nbd5 18.c4 b6 19.axb6 axb6 20.cxd5 bxc5 21.dxc6 g5 22.Bg3 Ne4
23.Qe2 e6 24.dxc5 Nxc5 25.Bc4 Ne4 26.Ne5 Rd8 27.Nd7 Rg8 28.Bb5 Nxg3 29.hxg3 Qc7
30.Ra4 Ra8 31.Rea1 Rxa4 32.Rxa4 e5 33.Bd3 Bxd3 34.Qxd3+ Kh8 35.Qd5 Rc8 36.Ra6 e4
37.Qxe4 Bxb2 38.Qf5 Kg7 39.Qb5 Bd4 40.Qb4 Bf6 41.g4 Re8 42.g3 Be5 43.Kh2 Bf6
44.Qc5 Rc8 45.Nxf6 Kxf6 46.Ra7  1-0

[Event "TOP 16 GpA"]
[Site "Vandoeuvre FRA"]
[Date "2010.03.28"]
[Round "3"]
[White "Tirard,H"]
[Black "Bauer,Ch"]
[Result "0-1"]
[WhiteElo "2451"]
[BlackElo "2607"]

1.e4 g6 2.d4 Bg7 3.Nc3 a6 4.Be3 b5 5.Qd2 Bb7 6.Bd3 Nf6 7.Bh6 Bxh6 8.Qxh6 b4
9.Nd5 Nxd5 10.exd5 Bxd5 11.Nh3 e6 12.Qg7 Rf8 13.Nf4 Qg5 14.Nxd5 Qxd5 15.O-O Nc6
16.Qxh7 Qxd4 17.Bxg6 Qxb2 18.Bh5 Qf6 19.Qe4 Rh8 20.Be2 d5 21.Qe3 Nd4 22.Bd3 c5
23.Rfd1 Rh4 24.a3 c4 25.Bf1 Nxc2 26.Qc5 Rd8 27.Rac1 b3 28.g3 Rd4 29.Qc6+ Kf8
30.Qxa6 Kg7 31.Qb6 Ra8 32.Rxd4 Qxd4 33.Qb7 Rxa3 34.Bh3 Ra7 35.Qb5 b2  0-1

[Event "21st Pobeskydi Arcelor Mittal Cup"]
[Site "Frydek-Mistek CZE"]
[Date "2010.04.03"]
[Round "5"]
[White "Miculka,D"]
[Black "Sustek,V"]
[Result "1-0"]
[WhiteElo "1783"]
[BlackElo "2015"]

1.e4 g6 2.d4 Bg7 3.Nc3 c5 4.Nf3 cxd4 5.Nxd4 Nc6 6.Be3 d6 7.Qd2 Nf6 8.f3 Bd7
9.O-O-O a6 10.g4 b5 11.h4 Qa5 12.Nb3 Qc7 13.h5 Ne5 14.Be2 Bc6 15.h6 Bf8 16.g5 Nfd7
17.f4 Nc4 18.Bxc4 bxc4 19.Nd4 Rb8 20.Rhe1 Qb7 21.b3 cxb3 22.axb3 Bxe4 23.Bf2 Bg2
24.f5 Ne5 25.Bg3 Nf3 26.Nxf3 Bxf3 27.Bxd6 Bxd1 28.Bxb8 Bf3 29.Be5 Rg8 30.Bf6 gxf5
31.Qf4 Bg4 32.Qa4+ Kd8 33.Qd4+ Kc8 34.Qc4+ Qc7 35.Qxf7 Qf4+  1-0

[Event "FSIMA May"]
[Site "Budapest HUN"]
[Date "2010.05.01"]
[Round "1"]
[White "To,N"]
[Black "Brustkern,J"]
[Result "1/2-1/2"]
[WhiteElo "2413"]
[BlackElo "2256"]

1.e4 g6 2.d4 Bg7 3.Nc3 d5 4.exd5 Nf6 5.Bc4 O-O 6.Bg5 Nbd7 7.Qf3 Nb6 8.Bb3 a5
9.a4 Bg4 10.Qf4 Bf5 11.Bxf6 exf6 12.Nge2 Qd7 13.Ng3 Rfe8+ 14.Kf1 Bf8 15.Nxf5 gxf5
16.h4 Nc8 17.Ne2 Bd6 18.Qf3 b5 19.Qd3 Nb6 20.axb5 a4 21.Bc4 f4 22.Rh3 Kh8
23.c3 Rg8 24.Ba2 Qg4 25.Qf3 f5 26.Qxg4 fxg4 27.Rd3 a3 28.b4 Rg6 29.c4 Bxb4
30.Nxf4 Rf6 31.g3 Na4 32.Ne2 Rf3 33.Rb3 Rxb3 34.Bxb3 Nc3 35.Nxc3 Bxc3 36.Ra2 Bxd4
37.Re2 Kg7 38.Re4 Bc5 39.Rxg4+ Kh6 40.Ba2 f5 41.Rf4 Kg6 42.Rf3 h5 43.Rd3 Kf6
44.Rd2 Re8 45.Kg2 Re7 46.Rd1 Re4 47.Rd3 Re7 48.Rd2 Re8 49.Bb3 Re1 50.Ba2 Re8
51.Rd1 Re7 52.Bb3 Re8 53.Ra1 Ra8 54.Ra2 Re8 55.Ra1 Re4 56.Rd1  1/2-1/2

[Event "ch-CZE"]
[Site "Ostrava CZE"]
[Date "2010.05.02"]
[Round "2"]
[White "Taus,M"]
[Black "Haba,Z"]
[Result "0-1"]
[WhiteElo "2099"]
[BlackElo "2233"]

1.Nc3 g6 2.e4 Bg7 3.d4 c5 4.dxc5 Qa5 5.Bd2 Qxc5 6.Nf3 d6 7.Be2 Nf6 8.O-O O-O
9.Be3 Qa5 10.Nd4 Nc6 11.Nb3 Qd8 12.f3 Na5 13.Nb5 a6 14.Nc3 Bd7 15.Nd5 Nxd5
16.Qxd5 b5 17.Nxa5 Qxa5 18.c3 Qc7 19.Qd2 Rfd8 20.Bd4 Rab8 21.Kh1 e5 22.Be3 Be6
23.a4 d5 24.exd5 Bxd5 25.Qc1 Bc4 26.Bxc4 bxc4 27.a5 Rd3 28.Bb6 Qc6 29.Rd1 f5
30.b3 e4 31.fxe4 Rxc3 32.Qg5 Rd3 33.Rxd3 cxd3 34.Qf4 Re8 35.Rc1 Qxe4 36.Qd2 Qe2
37.Qb4 d2  0-1

[Event "ch-UKR"]
[Site "Alushta UKR"]
[Date "2010.05.03"]
[Round "1"]
[White "Kislinsky,A"]
[Black "Andrenko,I"]
[Result "1-0"]
[WhiteElo "2472"]
[BlackElo "2149"]

1.e4 g6 2.d4 Bg7 3.Nc3 a6 4.h4 h5 5.Nf3 b5 6.a4 b4 7.Nd5 Bb7 8.Bg5 a5 9.Bc4 Nf6
10.Bxf6 exf6 11.Qd3 c6 12.Nf4 d5 13.exd5 cxd5 14.Bb5+ Nd7 15.O-O O-O 16.Rfe1 Nb6
17.Re2 Qc7 18.Nxg6 fxg6 19.Rae1 Kh7 20.Re7 Qc8 21.R1e6 Qxe6 22.Rxe6 Nc4 23.b3 Bc8
24.Ng5+ Kh6 25.bxc4 Bxe6 26.Nxe6 Rf7 27.cxd5 Rc8 28.Nf4 f5 29.Qg3 Rf6 30.Bd3 Rb6
31.Qg5+ Kh7 32.Nxg6 Rxg6 33.Bxf5  1-0

[Event "ch-CZE"]
[Site "Ostrava CZE"]
[Date "2010.05.05"]
[Round "5"]
[White "Danes,J"]
[Black "Nedela,V"]
[Result "1-0"]
[WhiteElo "2261"]
[BlackElo "2347"]

1.e4 g6 2.d4 Bg7 3.Nc3 a6 4.a4 b6 5.Nf3 Bb7 6.Bc4 e6 7.O-O d6 8.d5 e5 9.Re1 Ne7
10.Bf1 O-O 11.Be3 h6 12.Nd2 Nd7 13.a5 f5 14.f3 f4 15.Bf2 b5 16.Na2 g5 17.c4 bxc4
18.Bxc4 Nf6 19.Qe2 Ng6 20.Nb4 Qc8 21.Rec1 g4 22.Rc2 g3 23.hxg3 fxg3 24.Bxg3 Nh5
25.Nf1 Bf6 26.Bh2 Nhf4 27.Qe1 Bh4 28.g3 Nh3+ 29.Kh1 Bg5 30.Ra3 Kh7 31.Be2 Rf7
32.Rac3 Qd8 33.Kg2 Bc8 34.Nxa6 Ra7 35.Nb4 Qg8 36.Nc6 Ra8 37.Kh1 h5 38.Ne3 h4
39.Ng2 hxg3 40.Qxg3 Rg7 41.Bf1 Bh6 42.b4 Ngf4 43.Qh4 Ng6 44.Qd8 Qf7 45.Na7 Ba6
46.Qxa8 Bxf1 47.Qc8 Ngf4 48.Nxf4 exf4 49.Qf5+ Qxf5 50.exf5 Rg8 51.Rxc7+ Kh8
52.Rc8 Bf8 53.Rxf8 Rxf8 54.Rc8 Kg7 55.Rxf8 Kxf8 56.b5 Ke8 57.b6 Kd8 58.Nc6+ Ke8
59.f6 Ng5 60.Bxf4 Nf7 61.Nb4  1-0

[Event "ch-CZE"]
[Site "Ostrava CZE"]
[Date "2010.05.07"]
[Round "7"]
[White "Novotny,M1"]
[Black "Nedela,V"]
[Result "0-1"]
[WhiteElo "2250"]
[BlackElo "2347"]

1.e4 g6 2.d4 Bg7 3.Nc3 a6 4.a4 d6 5.h3 Nd7 6.Nf3 e6 7.Be2 Ne7 8.O-O O-O 9.Re1 b6
10.Bf4 h6 11.h4 e5 12.Bh2 Nc6 13.dxe5 Ndxe5 14.Qd2 Nxf3+ 15.Bxf3 Nd4 16.Bg3 Nxf3+
17.gxf3 Bb7 18.Rad1 Qf6 19.Kg2 Rae8 20.a5 b5 21.Nd5 Bxd5 22.Qxd5 Qxb2 23.Qc6 Qc3
24.Qxa6 Rb8 25.Re2 Qc4 26.Rd3 Ra8 27.Qb7 Rxa5 28.Qd5 Re8 29.h5 g5 30.f4 Ra4
31.f3 gxf4 32.Bxf4 Ra2 33.Kh3 Rxc2 34.Rxc2 Qxc2 35.Qxb5 Ra8 36.Rd2 Qc3 37.Qd3 Qa5
38.Qd5 Qa3 39.Qd3 Qa1 40.Rg2 Qf6 41.Rg4 Ra5 42.e5 dxe5 43.Qc3 Rd5 44.Bg3 Qf5
45.Qc6 Qxf3  0-1

[Event "KNSB Cup"]
[Site "Amersfoort NED"]
[Date "2010.05.13"]
[Round "1.1"]
[White "Meurs,T"]
[Black "Haast,M"]
[Result "0-1"]
[WhiteElo "2201"]
[BlackElo "2194"]

1.e4 g6 2.d4 Bg7 3.Nc3 d5 4.Nxd5 c6 5.Nc3 Qxd4 6.Qxd4 Bxd4 7.Bc4 Bxc3+ 8.bxc3 Nf6
9.f3 b6 10.a4 Ba6 11.Bd3 O-O 12.Bg5 Re8 13.Ne2 Nfd7 14.Bf4 Nc5 15.Bxa6 Nbxa6
16.g4 e5 17.Bg5 Kg7 18.h4 Nb7 19.h5 f6 20.Be3 Na5 21.Nc1 Nc4 22.Ke2 g5 23.Nb3 Nc7
24.a5 Nb5 25.Bf2 Red8 26.Be1 Nba3 27.Ra2 Rd7 28.axb6 axb6 29.Nd2 Rad8 30.Nxc4 Nxc4
31.Bf2 Rd2+ 32.Kf1 b5 33.Kg2 Ne3+ 34.Kg3 Nd1 35.Be1 Re2 36.Rg1 Rd7 37.Ra6 Rxc2
38.Rg2 Rc1 39.Bd2 Rc2 40.Be1 Rxg2+ 41.Kxg2 Rc7 42.Kf1 Nb2 43.Bf2 Nc4 44.Bc5 h6
45.Ra8 Nd2+ 46.Ke2 Nb3 47.Bf8+ Kh7 48.Re8 Rd7 49.Re7+ Rxe7 50.Bxe7 Kg7 51.Bd6 c5
52.Kd3 c4+ 53.Ke3 Kf7 54.Bb4 Na1 55.Kd2 Nb3+ 56.Kc2 Ke8 57.Kb2 Nd2 58.Kc2 Nxf3
59.Kd1 Nh2 60.Ke2 Nxg4 61.Kf3 f5 62.exf5 Nf6 63.Bd6 Nd7 64.Bc7 Kf7 65.Bd6 Kf6
66.Ke4 g4 67.Bc7 Nc5+ 68.Ke3 Kxf5  0-1

[Event "Chladek & Tintera Open"]
[Site "Hradec Kralove CZE"]
[Date "2010.05.17"]
[Round "3"]
[White "Yakimenko,A"]
[Black "Novak,Lu"]
[Result "1-0"]
[WhiteElo "2091"]
[BlackElo "1987"]

1.d4 g6 2.e4 Bg7 3.Nc3 c5 4.Be3 Qa5 5.Ne2 d6 6.Qd2 cxd4 7.Nxd4 Nc6 8.O-O-O Nxd4
9.Bxd4 Bxd4 10.Bb5+ Kf8 11.Qxd4 Nf6 12.f4 Bg4 13.e5 dxe5 14.fxe5 Bxd1 15.exf6 exf6
16.Qxf6 Rg8 17.Rxd1 Qb6 18.Qxb6 axb6 19.Rd7 g5 20.Bc4 Rg7 21.Rxb7 Rc8 22.Bb5 f5
23.Rxb6 f4 24.Ne4  1-0

[Event "Chladek & Tintera Open"]
[Site "Hradec Kralove CZE"]
[Date "2010.05.19"]
[Round "5"]
[White "Braun,Mare"]
[Black "Novak,Lu"]
[Result "1-0"]
[WhiteElo "2187"]
[BlackElo "1987"]

1.d4 g6 2.e4 Bg7 3.Nc3 c5 4.dxc5 Bxc3+ 5.bxc3 Nc6 6.Be3 Qa5 7.Qd2 Nf6 8.f3 O-O
9.Bd3 Rd8 10.Ne2 d5 11.cxd6 Rxd6 12.O-O Be6 13.Rfd1 Rad8 14.Nd4 Bc8 15.Nb3 Qh5
16.c4 Ne5 17.Qe2 g5 18.c5 Nfg4 19.cxd6 Qxh2+ 20.Kf1 Qh1+ 21.Bg1 Nh2+ 22.Kf2 Nhg4+
23.fxg4 Rxd6 24.Ke3 Bxg4 25.Qf1 Rf6 26.Bf2 Qh2 27.Kd2 Bxd1 28.Rxd1 Ng4 29.Bg1 Qg3
30.Qe2 h5 31.Rf1  1-0

[Event "Chladek & Tintera Open"]
[Site "Hradec Kralove CZE"]
[Date "2010.05.20"]
[Round "7"]
[White "Bielavsky,J"]
[Black "Fiedler,Be"]
[Result "0-1"]
[WhiteElo "2019"]
[BlackElo "2133"]

1.e4 g6 2.d4 Bg7 3.Nc3 c5 4.Nf3 cxd4 5.Nxd4 Nc6 6.Be3 d6 7.Qd2 Nf6 8.f3 O-O
9.Bc4 Bd7 10.O-O-O Rc8 11.Bb3 Ne5 12.Kb1 a6 13.Bh6 Nc4 14.Bxc4 Rxc4 15.Bxg7 Kxg7
16.Rc1 Qb6 17.Rhd1 Rfc8 18.Ka1 Qc5 19.Nb3 Qc7 20.Kb1 a5 21.g4 Be6 22.Nd4 Qb6
23.Nxe6+ fxe6 24.Ka1 Qc5 25.Kb1 a4 26.a3 Nd7 27.Re1 Ne5 28.Qe3 Qc6 29.Re2 Rc5
30.Na2 Nc4 31.Nb4 Nxe3 32.Nxc6 Nxc2 33.Rexc2 R8xc6 34.Rxc5 dxc5 35.Kc2 g5
36.e5 Rb6 37.Rd1 Rb3 38.Rd3 Rb5  0-1

[Event "34th Open"]
[Site "Fourmies FRA"]
[Date "2010.05.23"]
[Round "3"]
[White "Rolland,B"]
[Black "Cardon,Pi"]
[Result "1-0"]
[WhiteElo "2125"]
[BlackElo "1880"]

1.d4 g6 2.e4 Bg7 3.Nc3 c5 4.d5 d6 5.f4 Nf6 6.e5 Bg4 7.Qd2 dxe5 8.fxe5 Nfd7
9.h3 Bf5 10.g4 Bxe5 11.gxf5 Bg3+ 12.Ke2 gxf5 13.Qg5 Qc7 14.Qxf5 Na6 15.Ne4 O-O-O
16.Nxg3 Qxg3 17.Nf3 e6 18.dxe6 Rde8 19.Rg1 Qd6 20.Bf4 Rxe6+ 21.Kf2 Qc6 22.Re1 Nb4
23.Qxf7 Rxe1 24.Nxe1 Nf6 25.Bg2 Qb6 26.Bxb7+ Qxb7 27.Qxf6 Re8 28.Rg7  1-0

[Event "14th Master Open"]
[Site "Voronezh RUS"]
[Date "2010.06.12"]
[Round "1"]
[White "Okrugin,S"]
[Black "Lastin,A"]
[Result "1/2-1/2"]
[WhiteElo "2399"]
[BlackElo "2643"]

1.e4 g6 2.d4 Bg7 3.Nc3 a6 4.h4 h5 5.Bc4 b5 6.Bd5 c6 7.Bb3 d5 8.exd5 b4 9.Nce2 cxd5
10.Bd2 Nf6 11.Bxb4 O-O 12.Bd2 Nc6 13.c3 a5 14.Nf3 Bg4 15.Ne5 Nxe5 16.dxe5 Nd7
17.f3 Be6 18.f4 Nb6 19.Nd4 Bg4 20.Qc1 f6 21.O-O Nc4 22.Bxc4 dxc4 23.Qc2 fxe5
24.fxe5 Qb6 25.Bf4 Bf5 26.Qd2 Bd3  1/2-1/2

[Event "14th FIDE Open"]
[Site "Voronezh RUS"]
[Date "2010.06.16"]
[Round "5"]
[White "Koshelev,V"]
[Black "Magrifin,I"]
[Result "0-1"]
[WhiteElo "1925"]
[BlackElo "2168"]

1.d4 g6 2.e4 Bg7 3.Nc3 a6 4.a4 c5 5.Nf3 cxd4 6.Nxd4 Nc6 7.Nxc6 bxc6 8.Qf3 e6
9.Ra3 d5 10.exd5 cxd5 11.Bd3 Rb8 12.Qg3 e5 13.O-O Ne7 14.Rd1 Rb4 15.h3 O-O
16.Na2 Rb6 17.b4 Rd6 18.Bb2 d4 19.f4 exf4 20.Qxf4 Nd5 21.Qg3 Ne3 22.Rd2 Qe7
23.Qe1 Qg5 24.h4 Qg4 25.Bf1 Be5 26.Rxe3 dxe3 27.Rxd6 Bxd6 28.Qc3 f6 29.Qc4+ Kg7
30.Qxg4 Bxg4 31.Bxa6 e2  0-1

[Event "9th Open"]
[Site "La Fere FRA"]
[Date "2010.07.03"]
[Round "1"]
[White "Louis,A"]
[Black "Bardoux,T"]
[Result "0-1"]
[WhiteElo "1853"]
[BlackElo "2169"]

1.e4 g6 2.d4 Bg7 3.Nc3 c5 4.dxc5 Qa5 5.Ne2 Qxc5 6.Be3 Qa5 7.Qd5 Qd8 8.O-O-O Nf6
9.Qd2 O-O 10.f3 Nc6 11.Nd4 d6 12.h4 h5 13.Bc4 a6 14.Nxc6 bxc6 15.e5 Ne8 16.exd6 exd6
17.Bh6 d5 18.Bxg7 Nxg7 19.Ne4 Qe7 20.Bxd5 cxd5 21.Qxd5 Bb7 22.Qd7 Qxd7 23.Nf6+ Kh8
24.Rxd7 Bc8 25.Rd4 Nf5 26.Rb4 Kg7 27.Ne4 a5 28.Rb6 Ra6 29.Rxa6 Bxa6 30.g4 hxg4
31.fxg4 Bb7 32.gxf5 Bxe4 33.f6+ Kxf6 34.Rh2 Rh8 35.Kd2 Ke5 36.c3 f5 37.b4 axb4
38.cxb4 g5 39.h5 g4 40.Rh4 Kf4 41.h6 Kg5  0-1

[Event "ch-NOR"]
[Site "Fredrikstad NOR"]
[Date "2010.07.06"]
[Round "5"]
[White "Forsaa,E"]
[Black "Stokke,K"]
[Result "1/2-1/2"]
[WhiteElo "2299"]
[BlackElo "2401"]

1.e4 g6 2.d4 Bg7 3.Nc3 d5 4.exd5 Nf6 5.Bc4 Nbd7 6.Nge2 Nb6 7.Bb5+ Bd7 8.Bd3 O-O
9.O-O Nfxd5 10.Nxd5 Nxd5 11.Be4 c6 12.Bf3 Re8  1/2-1/2

[Event "3rd Open"]
[Site "Paracin SRB"]
[Date "2010.07.09"]
[Round "1"]
[White "Vucinic,G"]
[Black "Panic,Ne"]
[Result "1-0"]
[WhiteElo "2038"]
[BlackElo "2371"]

1.e4 g6 2.d4 Bg7 3.Nc3 c5 4.Be3 Qa5 5.Ne2 b5 6.dxc5 b4 7.Nd5 e6 8.Bd4 Kf8
9.Bxg7+ Kxg7 10.Qd4+ f6 11.Qxb4 Qd8 12.Ne3 Na6 13.Qc3 Qc7 14.b4 Qb7 15.Rb1 Qxe4
16.Ng3 Qf4 17.b5 Rb8 18.Rb3 Nc7 19.Rb4 Nd5 20.Rxf4 Nxc3 21.Rc4 Nxa2 22.Kd2 a5
23.Ra4 Nb4 24.Rxa5 Nd5 25.Nxd5 exd5 26.Bd3 Ne7 27.Ne2 Bb7 28.Nd4 Rhc8 29.Re1 Kf8
30.b6 Bc6 31.Rea1 Bb7 32.Ra7 Rxc5 33.Ba6 Bxa6 34.R1xa6 Nc8 35.Ra8 Rb7 36.Nb3  1-0

[Event "2nd Open"]
[Site "Rethymno GRE"]
[Date "2010.07.14"]
[Round "3"]
[White "Serntedakis,A"]
[Black "Goumas,G"]
[Result "0-1"]
[WhiteElo "1906"]
[BlackElo "2298"]

1.e4 g6 2.d4 Bg7 3.Nc3 c5 4.Be3 Qa5 5.Qd2 Nf6 6.h3 cxd4 7.Bxd4 Nc6 8.Be3 O-O
9.Bd3 Rd8 10.Nge2 Ne5 11.O-O d5 12.Nxd5 Qxd2 13.Nxf6+ Bxf6 14.Bxd2 Nxd3 15.cxd3 Rxd3
16.Bc3 Bxc3 17.Nxc3 Be6 18.Rfd1 Rad8 19.Rxd3 Rxd3 20.Kf1 Rd2 21.Rb1 Rc2 22.Nd5 Bxd5
23.exd5 Rd2 24.Ke1 Rxd5 25.Rc1 Rb5 26.b3 Kf8 27.Rc8+ Kg7 28.Rc7 Kf6 29.Ke2 Ke6
30.Rc2 Kd6 31.f4 h5 32.g4 h4 33.Rc3 f6 34.Rc4 a5 35.Kf3 Rc5 36.Rxc5 Kxc5
37.Ke4 Kd6 38.f5 gxf5+ 39.Kxf5 Kd5 40.a3 Kd6 41.Kg6 Kd5 42.Kf7 Kd6 43.Kg6 b5
44.b4 a4 45.Kf7 e5 46.Kxf6 e4 47.g5 e3 48.g6 e2 49.g7 e1=Q 50.g8=Q Qf2+ 51.Kg7 Qg3+
52.Kf7 Qxg8+ 53.Kxg8 Ke5  0-1

[Event "25th Touraine Open"]
[Site "Avoine FRA"]
[Date "2010.07.19"]
[Round "3"]
[White "Peyre,T"]
[Black "Galdunts,S"]
[Result "0-1"]
[WhiteElo "2065"]
[BlackElo "2459"]

1.e4 g6 2.d4 Bg7 3.Nc3 a6 4.Be3 b5 5.Qd2 Bb7 6.f3 d6 7.g4 Nd7 8.Nge2 c5 9.O-O-O b4
10.Nd5 e6 11.Ndf4 Ne7 12.dxc5 dxc5 13.Ng3 Nc6 14.Nd3 Qa5 15.Nxb4 Nce5 16.f4 cxb4
17.fxe5 O-O-O 18.Bc4 Nb8 19.Qf2 Qxe5 20.Rd3 Qxb2+ 21.Kd1 Qc3 22.Bd5 exd5
23.Rxc3+ Bxc3 24.Bb6 dxe4+ 25.Bxd8 Rxd8+ 26.Kc1 e3 27.Qxf7 Bd5 28.Qe7 Bd2+
29.Kb2 Nc6 30.Qc5 Bc3+ 31.Kc1 Bd2+ 32.Kb1 e2 33.Nxe2 Bxh1 34.Qc4 a5 35.Qe6+ Kc7
36.Qc4 Bd5 37.Qa6 Bf3 38.Qc4 Bxe2 39.Qxe2 Bc3 40.Kc1 Rd2 41.Qf3  0-1

[Event "Open A"]
[Site "Oberwart AUT"]
[Date "2010.07.21"]
[Round "9"]
[White "Froewis,G"]
[Black "Alvir,A"]
[Result "0-1"]
[WhiteElo "2279"]
[BlackElo "2369"]

1.e4 g6 2.d4 Bg7 3.Nc3 d5 4.Nf3 dxe4 5.Nxe4 Nh6 6.c3 O-O 7.Bc4 Nf5 8.O-O Nd7
9.Re1 Nb6 10.Bd3 Nd5 11.Bd2 c6 12.Ng3 Nxg3 13.hxg3 a5 14.Qc1 a4 15.Bh6 Nf6
16.Bxg7 Kxg7 17.Qe3 Re8 18.a3 Qb6 19.Re2 Bg4 20.Rae1 Rad8 21.Bc4 Qc7 22.Qe5 Qxe5
23.Rxe5 Bxf3 24.gxf3 e6 25.R5e2 Rd6 26.f4 Rc8 27.Ba2 c5 28.dxc5 Rxc5 29.Kg2 Rc7
30.f3 Nd7 31.Bb1 Nc5 32.g4 Kf6 33.Rh1 Kg7 34.Kg3 f5 35.Rhh2 Rcd7 36.Bc2 Kf8
37.Re5 Rc7 38.Ree2 Kg8 39.Re5 Kg7 40.Ree2 Rd5 41.Rh1 Rcd7 42.Reh2 Kg8 43.Re1 Rd2
44.Ree2 Rxe2 45.Rxe2 Kf7 46.Rh2 Kf6 47.Re2 Rd6 48.Re5 Rc6 49.Re2 Rb6 50.Bb1 h5
51.Kh4 hxg4 52.fxg4 Rd6 53.Bc2 Rd8 54.Kg3 Rd5 55.Rh2 b5 56.Rh7 e5 57.gxf5 gxf5
58.Rh6+ Kg7 59.Rb6 Nd7 60.Rb7 Kf6 61.c4 bxc4 62.Rb4 Rd4 63.fxe5+ Nxe5 64.Bxa4 f4+
65.Kg2 Rd2+ 66.Kf1 f3 67.Rb8 Kf5 68.Rf8+ Ke4 69.Re8 Kf4 70.Rf8+ Ke3 71.Re8 Rf2+
72.Kg1 Rg2+ 73.Kf1 Kd4 74.Rxe5 Kxe5  0-1

[Event "21st Czech Rapid Open"]
[Site "Pardubice CZE"]
[Date "2010.07.21"]
[Round "1"]
[White "Dorst,J"]
[Black "Chernyshov,K"]
[Result "0-1"]
[WhiteElo "2180"]
[BlackElo "2578"]

1.e4 g6 2.d4 Bg7 3.Nc3 a6 4.f4 d5 5.e5 h5 6.Be3 Nh6 7.Qd2 Ng4 8.O-O-O Nxe3
9.Qxe3 Bg4 10.Nf3 e6 11.Be2 Nc6 12.Rdg1 Qe7 13.h3 Bxf3 14.Bxf3 h4 15.Rd1 Bh6
16.Ne2 g5 17.Qb3 O-O-O 18.fxg5 Bxg5+ 19.Kb1 Na5 20.Qa4 Nc4 21.Rd3 Qd7 22.Qb4 Qb5
23.Qxb5 axb5 24.Rhd1 Kd7 25.b3 Ne3 26.Re1 Nf5 27.Bg4 Nh6 28.Bf3 c6 29.Nc1 Ke7
30.Bd1 Rdg8 31.Bf3 Ra8 32.Ne2 Ra3 33.Kb2 Rha8 34.Ra1 Kd8 35.Bh5 R3a7 36.Ng1 b6
37.Nf3 Be7 38.Nh2 c5 39.c3 c4 40.Rf3 cxb3 41.Kxb3 b4 42.cxb4 Ra3+ 43.Kb2 R3a4
44.Rb3 Bxb4 45.Nf3 Ba3+ 46.Kc3 Be7 47.Rxb6 Kc7 48.Rb2 R8a7 49.Kd3 Ra3+ 50.Ke2 Kd7
51.Nd2 Nf5 52.Bxf7 Nxd4+ 53.Kf2 Bg5 54.Nb3 Nxb3  0-1

[Event "21st Czech Rapid Open"]
[Site "Pardubice CZE"]
[Date "2010.07.22"]
[Round "7"]
[White "Hasangatin,R"]
[Black "Chernyshov,K"]
[Result "1-0"]
[WhiteElo "2498"]
[BlackElo "2578"]

1.e4 g6 2.d4 Bg7 3.Nc3 a6 4.Nf3 b5 5.a4 b4 6.Nd5 Bb7 7.Bc4 e6 8.Nxb4 Bxe4
9.c3 Nf6 10.Qe2 Bb7 11.a5 O-O 12.O-O Qc8 13.Nd3 d6 14.b4 Nbd7 15.Bb2 Re8
16.Rfe1 Bd5 17.Nf4 Qb7 18.Bxd5 exd5 19.Qc2 Re4 20.g3 Rae8 21.Qb3 c6 22.Rad1 Qb5
23.Bc1 Nf8 24.Kg2 g5 25.Nd3 g4 26.Nh4 Rxe1 27.Nxe1 Qc4 28.Qxc4 dxc4 29.Nc2 d5
30.Nf5 Ne4 31.Re1 Ne6 32.Re3 Bf8 33.Rxe4 dxe4 34.Nce3 Nc7 35.Nxg4 Nd5 36.Bd2 Re6
37.Nge3 Rf6 38.g4 Rg6 39.Kf1 h5 40.gxh5 Rf6 41.Ng3 Nxe3+ 42.Bxe3 Re6 43.Kg2 Kh7
44.Kh3 Bd6 45.Kg4 Bxg3 46.hxg3 Kg7 47.Kf5 Kf8 48.Bg5 Kg7 49.g4 Kh7 50.Bf4 Re8
51.g5 Re6 52.Be5 Kg8 53.Kxe4 Re8 54.Kf5 Re6 55.f4 Re8 56.g6 Re6 57.Kg5 f6+
58.Bxf6 Re3 59.h6  1-0

[Event "Najdorf Mem Open A"]
[Site "Warsaw POL"]
[Date "2010.07.25"]
[Round "9"]
[White "Valsecchi,A"]
[Black "Weichhold,P"]
[Result "0-1"]
[WhiteElo "2360"]
[BlackElo "2190"]

1.e4 c5 2.Nc3 g6 3.d4 Bg7 4.dxc5 Qa5 5.Bd2 Qxc5 6.Nd5 b6 7.Be3 Qd6 8.Nf3 Bb7
9.Bf4 e5 10.Nf6+ Qxf6 11.Bxe5 Qxe5 12.Nxe5 Bxe5 13.Bc4 Bxb2 14.O-O Ne7 15.Rb1 Bg7
16.f4 Bxe4 17.Re1 f5 18.Bd5 Nxd5 19.Qxd5 Nc6 20.a4 O-O-O 21.Qb5 Bd4+ 22.Kh1 a5
23.c3 Bc5 24.Rb2 Kc7 25.Rd1 d5 26.Qf1 h6 27.Rb5 g5 28.h3 Rhg8 29.Rd2 g4 30.h4 g3
31.Rdb2 Rb8 32.Qe2 Rg4 33.Rxc5 bxc5 34.Rxb8 Nxb8 35.Qb5 Nc6 36.Qxc5 Rxf4
37.Kg1 Bd3  0-1

[Event "3rd Open"]
[Site "Paleochora GRE"]
[Date "2010.07.26"]
[Round "6"]
[White "Jerez Perez,A"]
[Black "Papadimitriou,A"]
[Result "1-0"]
[WhiteElo "2415"]
[BlackElo "2146"]

1.e4 g6 2.d4 Bg7 3.Nc3 d5 4.exd5 Nf6 5.Bc4 Nbd7 6.Bg5 O-O 7.Qf3 Nb6 8.Bb3 Bg4
9.Qf4 Qd6 10.Qxd6 exd6 11.f3 Bd7 12.Nge2 a5 13.a4 Rfe8 14.Rd1 h6 15.Bc1 Re7
16.Kf2 Rae8 17.Ng3 Kh7 18.Rhe1 Rxe1 19.Rxe1 Nh5 20.Be3 Nxg3 21.hxg3 f5 22.Ra1 g5
23.Ne2 Nc8 24.c4 Ne7 25.Bc2 c6 26.dxc6 Nxc6 27.g4 Nb4 28.Bb1 Rc8 29.gxf5 Kh8
30.b3 d5 31.cxd5 Nxd5 32.Be4 Bc6 33.Rc1 Nb4 34.d5 Bd7 35.Rxc8+ Bxc8 36.Bb6 Bf8
37.Nd4 Kg7 38.Ne6+ Bxe6 39.Bd4+ Kf7 40.dxe6+ Ke8 41.f6  1-0

[Event "21st Czech GM Open"]
[Site "Pardubice CZE"]
[Date "2010.07.27"]
[Round "5"]
[White "Tomazini,Z"]
[Black "Fernandez,Dan SIN"]
[Result "0-1"]
[WhiteElo "2188"]
[BlackElo "2401"]

1.e4 g6 2.d4 Bg7 3.Nc3 a6 4.Be3 b5 5.Qd2 d6 6.Bd3 Nd7 7.a4 b4 8.Nce2 a5 9.c3 Ngf6
10.Bh6 Bxh6 11.Qxh6 bxc3 12.bxc3 e5 13.Nf3 Ng4 14.Qd2 O-O 15.h3 Ngf6 16.Qh6 Qe7
17.Ng5 Ba6 18.Bxa6 Rxa6 19.O-O Rb8 20.f4 Rb2 21.fxe5 dxe5 22.Ng3 Rc6 23.Rad1 Rxc3
24.Nh5 gxh5 25.dxe5 Rg3 26.Rf2 Qc5 27.Rf1 Rxf2 28.Rxf2 Qc1+ 29.Kh2 Qxg5 30.Qxg5+ Rxg5
31.exf6 Re5 32.Rd2 Nxf6  0-1